UM Logo
Normal view MARC view
  • News.

Entry Topical Term

Number of records used in: 4

001 - CONTROL NUMBER

  • control field: 46667

003 - CONTROL NUMBER IDENTIFIER

  • control field: OSt

005 - DATE AND TIME OF LATEST TRANSACTION

  • control field: 20221107142355.0

008 - FIXED-LENGTH DATA ELEMENTS

  • fixed length control field: 221107|| aca||aabn | a|a d

040 ## - CATALOGING SOURCE

  • Original cataloging agency: OSt
  • Transcribing agency: OSt

150 ## - HEADING--TOPICAL TERM

  • Topical term or geographic name entry element: News.

670 ## - SOURCE DATA FOUND

  • Source citation: Work cat.: (OSt): Porcalla, Delon. 46666, House to probe Phivolcs' lack of warning on taal /, January 15, 2020.